| 000 | 01230nam a2200277 a 4500 | ||
|---|---|---|---|
| 008 | 120416s2004 ||||||||||||||||| || u | ||
| 020 | _a1842771930 | ||
| 050 | _aGN 380.I48 Int | ||
| 100 | _aFeit, Harvey A | ||
| 245 | 1 | 0 |
_aIn the way of development : indigenous peoples, life projects, and globalization / _cedited by Mario Blaser |
| 260 |
_aLondon _bZed Books in association with International Development Research Centre, Ottawa Distributed exclusively in the USA by Palgrave Macmillan _c2004 |
||
| 300 | _aix, 362 p. : maps | ||
| 350 | _a0.00 | ||
| 500 | _aIncludes bibliographical references and index. | ||
| 650 | _aPostcolonialism | ||
| 650 | _aCULTURE | ||
| 650 | 0 | _aECONOMIC DEVELOPMENT--AFRICA, SUB-SAHARAN | |
| 650 | 0 | _aHUMAN RIGHTS | |
| 650 | _aIndigenous peoples | ||
| 700 | _aMcRae, Glenn | ||
| 700 | _aBlaser, Mario, 1966- | ||
| 856 | _uhttp://www.loc.gov/catdir/description/hol052/2003057615.html | ||
| 856 | _uhttp://www.loc.gov/catdir/bios/hol055/2003057615.html | ||
| 856 | _uhttp://www.loc.gov/catdir/toc/hol051/2003057615.html | ||
| 995 |
_D0.00 _FCBU-MAIN LIBRARY (Kitwe) _H1 _I30.00 _M1 _UAVAILABLE _ZMain Library Open Access Collection |
||
| 999 |
_c46563 _d46563 |
||